Grace greater than sin: (Record no. 12014)

000 -LEADER
fixed length control field 00570nam a2200181 a 4500
001 - CONTROL NUMBER
control field :::00009816$&:&@@
003 - CONTROL NUMBER IDENTIFIER
control field OkBaRHE
005 - DATE AND TIME OF LATEST TRANSACTION
control field 20000607103353.0
008 - FIXED-LENGTH DATA ELEMENTS--GENERAL INFORMATION
fixed length control field s1940 j 000 0 eng u
040 ## - CATALOGING SOURCE
Transcribing agency
100 1# - MAIN ENTRY--PERSONAL NAME
Personal name Gann, J. A.
245 10 - TITLE STATEMENT
Title Grace greater than sin:
Remainder of title a book of ten striking sermons.
260 ## - PUBLICATION, DISTRIBUTION, ETC. (IMPRINT)
Place of publication, distribution, etc Grand Rapids, MI., :
Name of publisher, distributor, etc Zondervan Pub. House
Date of publication, distribution, etc c1940
300 ## - PHYSICAL DESCRIPTION
Extent 123 p. ;
Dimensions 19 cm.
650 ## - SUBJECT ADDED ENTRY--TOPICAL TERM
Topical term or geographic name as entry element Sermons, American
942 ## - ADDED ENTRY ELEMENTS (KOHA)
Source of classification or shelving scheme
Koha item type Books
Copies
Date last seen Withdrawn status Damaged status Barcode Date acquired Not for loan Full call number Price effective from Shelving location Permanent Location Source of classification or shelving scheme Koha item type Copy number Lost status
2010-04-14  98162010-04-14 BV 4241 .G3G72010-04-14General StacksRHEMA Bible Training College Books1